000 00423nam a2200193Ia 4500
005 20240823040401.0
008 240823s9999||||xx |||||||||||||| ||und||
020 _a978-81-8493-292-8
041 _aENGLISH
082 _A920 P9
100 _aHema Vijay
245 0 _aJadish Chandra Bose
250 _a1st
260 _c2009
_bPr
500 _aDISPLAY
650 _aGeneral
_bGeneral
942 _cBK
999 _c202977
_d202977